Syn chudobného černošského prisťahovalca
Krátky životopis a prínos Williama Arthura Lewisa nositeľa Nobelovej ceny za ekonómiu v roku 1979. Akademický intelektuál a muž činu. Výskum rozvoja chudoby. Analýza ekonomickej politiky z pozícií normatívnej ekonómie i praktického rozhodovania. Preferovanie koncepcií aplikovateľných na málo rozvinu...
Saved in:
| Main Author: | |
|---|---|
| Format: | Book Chapter |
| Language: | Slovak |
| Subjects: | |
| Tags: |
No Tags, Be the first to tag this record!
|
MARC
| LEADER | 00000naa$a2200000$$$4500 | ||
|---|---|---|---|
| 001 | 0033222 | ||
| 005 | 20231009070422.8 | ||
| 041 | 0 | |a slo | |
| 044 | |a SK | ||
| 245 | 1 | 0 | |a Syn chudobného černošského prisťahovalca |c Ján Poliak |
| 520 | |a Krátky životopis a prínos Williama Arthura Lewisa nositeľa Nobelovej ceny za ekonómiu v roku 1979. Akademický intelektuál a muž činu. Výskum rozvoja chudoby. Analýza ekonomickej politiky z pozícií normatívnej ekonómie i praktického rozhodovania. Preferovanie koncepcií aplikovateľných na málo rozvinuté krajiny. | ||
| 610 | 2 | 0 | |a ekonómovia |
| 610 | 2 | 0 | |a ekonómia politická |
| 610 | 2 | 0 | |a veda ekonomická |
| 610 | 2 | 0 | |a rast hospodársky |
| 610 | 2 | 0 | |a krajiny rozvojové |
| 610 | 2 | 0 | |a chudoba |
| 610 | 2 | 0 | |a Nobelova cena |
| 610 | 2 | 0 | |a Lewis, W.A. |
| 100 | 1 | |a Poliak, Ján | |